| 000 -LEADER |
| fixed length control field |
00751nam a22002057a 4500 |
| 005 - DATE AND TIME OF LATEST TRANSACTION |
| control field |
20260318091858.0 |
| 008 - FIXED-LENGTH DATA ELEMENTS--GENERAL INFORMATION |
| fixed length control field |
260318b ||||| |||| 00| 0 eng d |
| 020 ## - INTERNATIONAL STANDARD BOOK NUMBER |
| International Standard Book Number |
9781509830404 |
| 040 ## - CATALOGING SOURCE |
| Transcribing agency |
KH8 |
| 082 ## - DEWEY DECIMAL CLASSIFICATION NUMBER |
| Classification number |
823.914 |
| 100 ## - MAIN ENTRY--PERSONAL NAME |
| Personal name |
Donaldson,Julia |
| Relator term |
Author |
| 245 ## - TITLE STATEMENT |
| Title |
THE GRUFFALO'S CHILD |
| 260 ## - PUBLICATION, DISTRIBUTION, ETC. |
| Place of publication, distribution, etc. |
The Smithson,6 Briset Street,London EC1M 5NR |
| Name of publisher, distributor, etc. |
Macmillan Children's Books |
| Date of publication, distribution, etc. |
2004 |
| 300 ## - PHYSICAL DESCRIPTION |
| Extent |
14 pages |
| Other physical details |
colour illustration |
| Dimensions |
15cm x 19cm |
| 520 ## - SUMMARY, ETC. |
| Summary, etc. |
One wild and windy night the Gruffalo's Child tiptoes out into the snow. She's not scared. After all, the Big Bad Mouse doesn't really exist...does he?-Publisher- |
| 650 ## - SUBJECT ADDED ENTRY--TOPICAL TERM |
| Topical term or geographic name entry element |
Juvenile Literature |
| Form subdivision |
Creatures |
| 655 ## - INDEX TERM--GENRE/FORM |
| Genre/form data or focus term |
Rhyme |
| 655 ## - INDEX TERM--GENRE/FORM |
| Genre/form data or focus term |
Children's Literature |
| 942 ## - ADDED ENTRY ELEMENTS (KOHA) |
| Source of classification or shelving scheme |
|
| Koha item type |
Books - Fiction |